000 01197cam a2200301 i 4500
001 15594317
003 EG-ScBUE
005 20240908110127.0
008 090122s2009 enka f b 001 0 eng d
020 _a9780521424264 (hardback)
020 _a0521424267 (hardback)
035 _a(OCoLC)ocn286431654
040 _aDLC
_beng
_erda
_cDLC
_dBTCTA
_dYDXCP
_dC#P
_dCDX
_dBWX
_dGZM
_dBWK
_dDLC
082 0 4 _a511.324
_222
_bARO
100 1 _aArora, Sanjeev,
_eauthor.
_913051
245 1 0 _aComputational complexity :
_ba modern approach /
_cSanjeev Arora, Princeton University, Boaz Barak, Princeton University.
264 1 _aCambridge ;
_aNew York :
_bCambridge University Press,
_c2009.
300 _axxiv, 579 pages :
_billustrations ;
_c27 cm
336 _2rdacontent
_atext
_btxt
337 _aunmediated
_2rdamedia
_bn
338 _avolume
_bnc
_2rdacarrier
504 _aIncludes bibliographical references and index.
650 7 _aComputational complexity.
_2BUEsh
_913052
655 _vReading book
700 1 _aBarak, Boaz,
_eauthor.
_913053
942 _2ddc
_cBB
999 _c13763
_d13763